ბათუმის შოთა რუსთაველის სახელმწიფო უნივერსიტეტის ბიბლიოთეკა

საერთაშორისო ურთიერთობების საფუძვლები (ბიბ.ჩანაწერი № 54395)

000 -LEADER
fixed length control field 01228nam a2200289Ia 4500
001 - CONTROL NUMBER
control field 21451
003 - CONTROL NUMBER IDENTIFIER
control field GE_BSU
008 - FIXED-LENGTH DATA ELEMENTS--GENERAL INFORMATION
fixed length control field 181216s||||||||xx |||||||||||||| ||und||
020 ## - INTERNATIONAL STANDARD BOOK NUMBER
International Standard Book Number 9789941175084
040 ## - CATALOGING SOURCE
Transcribing agency GE_BSU
080 ## - UNIVERSAL DECIMAL CLASSIFICATION NUMBER
Universal Decimal Classification number 327(042.4)
100 ## - MAIN ENTRY--PERSONAL NAME
Personal name მანველიძე, ირაკლი
245 ## - TITLE STATEMENT
Title საერთაშორისო ურთიერთობების საფუძვლები
245 ## - TITLE STATEMENT
Remainder of title ლექციების კურსი
245 ## - TITLE STATEMENT
Statement of responsibility, etc. რედ. ირაკლი გორგილაძე
250 ## - EDITION STATEMENT
Edition statement ბათუმის შოთა რუსთაველის სახ-ფო უნ-ტი.სოციალ. მეცნ. ბიზნ. და სამართალმც. ფაკ-ტი
260 ## - PUBLICATION, DISTRIBUTION, ETC.
Place of publication, distribution, etc. თბილისი
260 ## - PUBLICATION, DISTRIBUTION, ETC.
Name of publisher, distributor, etc. უნივერსალი
260 ## - PUBLICATION, DISTRIBUTION, ETC.
Date of publication, distribution, etc. 2012
300 ## - PHYSICAL DESCRIPTION
Extent 419გვ. ; 30სმ.
300 ## - PHYSICAL DESCRIPTION
Accompanying material ბიბლ.გვ.417-419
653 ## - INDEX TERM--UNCONTROLLED
Uncontrolled term ლექციების კურსი
653 ## - INDEX TERM--UNCONTROLLED
Uncontrolled term პოლიტიკა
653 ## - INDEX TERM--UNCONTROLLED
Uncontrolled term საერთაშორისო ურთიერთობების საფუძვლები
942 ## - ADDED ENTRY ELEMENTS (KOHA)
Koha item type წიგნი
ეგზემპლარები
Withdrawn status Lost status Damaged status Not for loan Date acquired Barcode Date last seen Price effective from Koha item type Public note
        2018-12-17 00486- ქსეროქსი 2018-12-17 2018-12-17 წიგნი ქსეროქსი
        2018-12-17 00494 12ლ.50თ. 2018-12-17 2018-12-17 წიგნი ქსეროქსი